Hasil pelancongan
| Main Author: | |
|---|---|
| Format: | Book |
| Published: |
Petaling Jaya :
Penerbit Pinang ,
1995
|
| Series: | Siri Hasil Negara
|
| Subjects: |
MARC
| LEADER | 00000cam a2200000 7i4500 | ||
|---|---|---|---|
| 001 | 0000008843 | ||
| 002 | 000009641 | ||
| 005 | .0 | ||
| 020 | |a 9830550222 | ||
| 090 | 0 | 0 | |a J 338.0995 |b FAR |
| 100 | 0 | |a Faridah Taib | |
| 245 | 1 | 0 | |a Hasil pelancongan |c Faridah Taib |
| 260 | |a Petaling Jaya : |b Penerbit Pinang , |c 1995 | ||
| 300 | |a 32 p. : |b ill. ; |c 29 cm. | ||
| 490 | 0 | |a Siri Hasil Negara | |
| 650 | 0 | 0 | |a Tourism |z Malaysia |x Juvenile literature |
| 999 | |a 052701 |b BUKU |c PINJAMAN |e PERPUSTAKAAN KOMUNITI PETALING JAYA | ||